Zvuky pre najmenších knižka so 6 zvukmi Maznáčikovia

Bibliographic Details
Other Authors: Cingelová, Andrea (Translator)
Format: Book
Language:Slovak
German
PhysicalDescription:10 nečíslovaných strán farebné fotografie 16 cm
Published: Bratislava Svojtka & Co. 2023
ISBN:9788056712658
Edition:Prvé slovenské vydanie
Subjects:

MARC

LEADER 00000nam a2200000 4500
001 vtls012254822
003 SK-MaSNL
005 20260301164455.0
008 240417s2023 xo o a 000 u slo
015 |a SNBA2024/04 
020 |a 9788056712658  |q (viazané) 
040 |a SNK  |b slo  |c SNK  |e rda 
041 1 |a slo  |h ger 
044 |a xo  |c SK 
072 7 |a 821-93  |x Literatúra pre deti a mládež (beletria)  |2 konspekt 
080 |a 821-93  |2 2011 
080 |a 636.045  |2 2011 
080 |a (0.025.2)  |2 2011 
080 |a (086.7)  |2 2011 
130 0 |a Soundbuch für Klitzekleine - Haustiere  |l Slovensky  |9 531927 
245 1 0 |a Zvuky pre najmenších  |p Maznáčikovia  |b knižka so 6 zvukmi  |c preklad a redakcia Andrea Cingelová 
246 3 0 |a Maznáčikovia 
250 |a Prvé slovenské vydanie 
264 1 |a Bratislava  |b Svojtka & Co.  |c 2023 
300 |a 10 nečíslovaných strán  |b farebné fotografie  |c 16 cm 
336 |a text  |b txt  |2 rdacontent 
336 |a statický obraz  |b sti  |2 rdacontent 
336 |a zvuky  |b snd  |2 rdacontent 
337 |a bez média  |b n  |2 rdamedia 
338 |a zväzok  |b nc  |2 rdacarrier 
500 |a Preložené z nemeckého vydania 
500 |a Kartónové listy, zadná doska so zvukovým modulom na batérie 
521 8 |a Pre deti od 12 mesiacov 
650 0 7 |a záujmové zvieratá  |2 SNKPH  |9 99900 
650 0 7 |a Pets  |2 SNKPHeng  |9 483954 
655 7 |a leporelá  |2 SNKPH  |9 60414 
655 7 |a knihy so zvukmi  |2 SNKPH  |9 302428 
655 7 |a publikácie pre deti  |2 SNKPH  |9 70148 
655 7 |a Picture books for children  |2 SNKPHeng  |9 277438 
655 7 |a Play and sound books  |2 SNKPHeng  |9 302429 
655 7 |a Publications for children  |2 SNKPHeng  |9 276792 
700 1 |a Cingelová, Andrea  |4 trl  |4 red  |9 186031 
852 |a Slovenská národná knižnica 
919 |a 978-80-567-1265-8 
954 |a ilustrované knihy, leporelá, komiksy cudzojazyčné (svetové)  |2 lita 
958 |a DB 
968 |b DT 
999 |c 820751  |d 822681 
952 |a SNK  |b SNK  |y PREZ  |7 0  |p 17A1543432  |o snkOSD 11013  |i snk2024/6075  |8 0  |0 0  |1 0  |4 0  |d 2024-04-17  |l 0  |r 2026-02-24 03:05:22  |w 2026-02-24 
952 |a SNK  |b SNK  |y PREZ  |7 0  |p 17A1543433  |o snkOSD 11013 D1  |i snk2024/6076  |8 0  |0 0  |1 0  |4 0  |d 2024-04-17  |l 0  |r 2026-02-24 03:05:22  |w 2026-02-24